| 000 | 01405nam a2200253Ia 4500 | ||
|---|---|---|---|
| 999 |
_c37563 _d37563 |
||
| 001 | 3532 | ||
| 003 | GE_BSU | ||
| 005 | 20190603161528.0 | ||
| 008 | 181216s1979||||ge |||||||||||||| ||geo|| | ||
| 040 | _cGE_BSU | ||
| 041 | _ageo | ||
| 080 | _a697.1/8(075.8)+697+9(075.8) ს-58 | ||
| 100 |
_aსკრიცკი, ლ _92008 |
||
| 245 |
_aთბოაირმომარაგებისა და ვენტილაციის სისტემების ავტომატიკისა და ავტომატიზაციის საფუძვლები : _bსახელმძღვ. / _cლ. სკრიცკი ; რედ : ვ. გოგსაძე. |
||
| 250 | _aთარგმანი მეორე გადამუშავებული რუსული გამოცემიდან. | ||
| 264 |
_aთბილისი : _bგანათლება, _c1979. |
||
| 300 |
_a272 გვ .: _c22 სმ. |
||
| 500 | _aლიტ. სია: გვ. 271. | ||
| 504 | _aბიბლიოგრ.:გვ.271 | ||
| 653 | _aთბოაირმომარაგების სისტემების ავტომატიკა | ||
| 653 | _aვენტილაციის სისტემების ავტომატიკა | ||
| 700 |
_aგოგსაძე, ვ _eრედაქტორი _9496 |
||
| 942 |
_cBK _2udc |
||